Statistics for Pokemon Crossword

Click here to take the quiz!

General Stats

  • This quiz has been taken 107 times
  • The average score is 8 of 11

Answer Stats

HintAnswer% Correct
The colour of a MagikarpRed
93%
Electric type move: _____ BallElectro
92%
Pokemon #7 in the PokedexSquirtle
92%
Object Drifloon is based onBalloon
90%
Vegetable Farfetch'd is often holdingLeek
83%
Boss of Team FlareLysandre
67%
Bug/Flying Pokemon in gen 1Scyther
67%
The only gen 5 Pokemon to have a mega evolutionAudino
58%
Canonical name of the male playable character in R/S/E & OR/ASBrendan
51%
The location of Erika's gymCeladon
50%
N's full first nameNatural
31%

Score Distribution

Percentile by Number Answered

Percent of People with Each Score

Your Score History

You have not taken this quiz